00321nam a22001217a 4500008004100000082002100041100002200062245002800084250001200112260004200124300001300166650002000179190722b xxu||||| |||| 00| 0 eng d aN495.5109/Re741n aBandhu, Chudamani aNepali bhashako utpatti a5th ed. aKathmandu:bShajha Prakashan,c2051BS bx, 240p. aNepali language